Name That Sitcom II Quiz Stats

 Plays Quiz Updated Jul 8, 2018

Score 0/28 Timer 06:00
6 Plays Today
Characters Show % Correct
Heathcliff 'Cliff' Huxtable, Clair Hanks Huxtable, Rudy HuxtableThe Cosby Show
87.2%
Danny Tanner, DJ Tanner, Jesse KatsopolisFull House
79%
Steve Urkel, Carl Otis Winslow, Harriette WinslowFamily Matters
74.4%
Fran Fine, Niles, Maxwell SheffieldThe Nanny
73.4%
Steven Hyde, Michael Kelso, Eric FormanThat '70s Show
68.3%
Cory Matthews, Shawn Hunter, Topanga LawrenceBoy Meets World
64%
Andy Taylor, Barney Fife, Opie TaylorThe Andy Griffith Show
63.4%
Max, Agent 99, ChiefGet Smart
61%
Kevin Arnold, Winnie Cooper, Paul Pfeiffer The Wonder Years
60.7%
Jason Seaver, Mike Seaver, Carol SeaverGrowing Pains
58.3%
Drew Rock, Julius Rock, Chris RockEverybody Hates Chris
56.6%
Harry Bentley, George, WeezieThe Jeffersons
56%
Lou Grant, Mary Richards, Ted BaxterThe Mary Tyler Moore Show
51.1%
Arnold Horshack, Boom Boom Washington, Vinnie BarbarinoWelcome Back, Kotter
47.3%
Characters Show % Correct
Leonard Hofstadter, Sheldon Cooper, PennyThe Big Bang Theory
43.4%
Julia Sugarbaker, Mary Jo Shively, Anthony BouvierDesigning Women
40.1%
Hayden Fox, Luther Van Dam, Dauber DybinskiCoach
38.7%
Joy Turner, Randy Hickey, Earl Hickey My Name Is Earl
37.7%
Mel Sharples, Flo Castleberry, Vera GormanAlice
36.6%
Paul Buchman, Jaimie Stemple, Ira Buchman Mad about You
36.1%
Dr. Mary Albright, Dr. Dick Solomon, Harry Solomon3rd Rock From the Sun
35%
Wojo Wojciehowicz, Ron Harris, Arthur DietrichBarney Miller
24.4%
Oliver Wendell Douglas, Lisa Douglas, Sam Drucker Green Acres
23.6%
Jessica Tate, Mary Campbell, Jodie Dallas Soap
22.8%
Ann Romano, Barbara Cooper, Dwayne F. SchneiderOne Day at a Time
21.7%
Nell Harper, Joey Donovan, Julie Kanisky Gimme a Break!
14.3%
Mike Flaherty, Paul Lassiter, Stuart Bondek Spin City
13.2%
Sharon Carter, Pete Dunville, BergTwo Guys, a Girl (and a Pizza Place)
6.6%

You're not logged in!

Compare scores with friends on all Sporcle quizzes.
OR
Log In

You Might Also Like...

Show Comments

Extras

Top Quizzes Today


Score Distribution

Your Account Isn't Verified!

In order to create a playlist on Sporcle, you need to verify the email address you used during registration. Go to your Sporcle Settings to finish the process.

Report this User

Report this user for behavior that violates our Community Guidelines.

Details: